000 00545nam a2200169 4500
001 111903
003 ES-MaACL
005 20230906185401.0
007 t|
008 061121s1969 sp r ||||1| spa d
100 1 _aNewfield, Jack.
_985482
245 1 4 _aUna minoría profética
_b: la nueva izquierda norteamericana /
_cJack Newfield; traducción de José Ramón Llobera.
260 _aBarcelona :
_bMartínez Roca,
_c1969.
300 _a210 p. ;
_c20 cm.
700 1 _aLlobera, José Ramón.
_972797
852 _aES-MaACL
_jC-36462
_bR.69379
999 _c111903
_d111903